[Event "Schoeningen rapid op"]
[Site "Schoeningen"]
[Date "2024.06.16"]
[Round "1"]
[White "Langer, Michael Sebastian"]
[Black "Redondas Taboada, Antonio"]
[Result "1-0"]
[WhiteElo "1933"]
[BlackElo "1654"]
[PlyCount "53"]
[EventDate "2024.06.16"]
[EventType "swiss (rapid)"]
[EventRounds "9"]
[EventCountry "GER"]
[SourceTitle "CBM 221 Extra"]
[Source "ChessBase"]
[SourceDate "2024.09.30"]
[SourceVersion "1"]
[SourceVersionDate "2024.09.30"]
[SourceQuality "1"]

1. Nf3 Nf6 2. c4 c6 3. Nc3 d5 4. e3 Bf5 5. cxd5 cxd5 6. Qb3 Bc8 7. Bb5+ Nc6 8. Ne5 Qc7 9. d4 e6 10. Qa4 Bd7 11. Nxd7 Nxd7 12. Bd2 Be7 13. Rc1 Nb6 14. Qb3 0-0 15. 0-0 a6 16. Bd3 Qd8 17. f4 Rc8 18. Qd1 Nb4 19. Bb1 Nc4 20. b3 Nxd2 21. Qxd2 Bf6 22. Na4 Nc6 23. Nc5 b5 24. Nxa6 Qb6 25. Nc5 Qa7 26. Qd3 b4 27. Qxh7# 1-0

[Event "Oberliga Nord W 2324"]
[Site "Germany"]
[Date "2023.10.22"]
[Round "1.8"]
[White "Langer, Michael Sebastian"]
[Black "Dahlhoff, Uwe"]
[Result "1/2-1/2"]
[WhiteElo "1888"]
[BlackElo "1756"]
[PlyCount "42"]
[EventDate "2023.10.22"]
[EventType "team-tourn"]
[EventRounds "9"]
[EventCountry "GER"]
[SourceTitle "EXT 2025"]
[Source "ChessBase"]
[SourceDate "2024.10.14"]
[SourceVersion "1"]
[SourceVersionDate "2024.10.14"]
[SourceQuality "1"]
[WhiteTeam "Braunschweig Gliesmarode"]
[BlackTeam "Ricklingen"]
[WhiteTeamCountry "GER"]
[BlackTeamCountry "GER"]

1. Nf3 d5 2. e3 Nf6 3. c4 e6 4. Nc3 c6 5. b3 Bd6 6. Bb2 0-0 7. Be2 Nbd7 8. Qc2 Qc7 9. Rc1 dxc4 10. Bxc4 Ne5 11. Nxe5 Bxe5 12. f4 Bd6 13. Be2 Qe7 14. 0-0 e5 15. Ne4 Nxe4 16. Qxe4 exf4 17. Qxe7 Bxe7 18. Rxf4 Bg5 19. Rf2 Be6 20. Bc4 Rfe8 21. Bxe6 Rxe6 1/2-1/2

[Event "Verden op-A"]
[Site "Verden"]
[Date "2023.01.05"]
[Round "2"]
[White "Langer, Michael Sebastian"]
[Black "Ehlert, Horst"]
[Result "1/2-1/2"]
[WhiteElo "1900"]
[BlackElo "2026"]
[PlyCount "85"]
[EventDate "2023.01.05"]
[EventType "swiss"]
[EventRounds "7"]
[EventCountry "GER"]
[SourceTitle "CBM 212 Extra"]
[Source "ChessBase"]
[SourceDate "2023.03.31"]
[SourceVersion "1"]
[SourceVersionDate "2023.03.31"]
[SourceQuality "1"]

1. Nf3 c5 2. c4 Nf6 3. Nc3 e6 4. g3 a6 5. Bg2 Qc7 6. 0-0 Be7 7. e4 d6 8. Re1 Nbd7 9. b3 0-0 10. h3 Rb8 11. d4 cxd4 12. Qxd4 b6 13. Bb2 Bb7 14. Rac1 Rbc8 15. Nh2 Rfe8 16. Red1 Red8 17. Re1 h6 18. Rcd1 Bf8 19. Rc1 Qb8 20. Rcd1 Ba8 21. Ba3 Nc5 22. Nf1 Qc7 23. Ne3 Bc6 24. b4 Ncd7 25. Rc1 Qb8 26. b5 axb5 27. Nxb5 Bxb5 28. cxb5 Nc5 29. Bxc5 dxc5 30. Qc3 Rd4 31. Nc4 Rcd8 32. Re3 Rd1+ 33. Kh2 Rxc1 34. Qxc1 Rd4 35. Qc2 Qd8 36. Ra3 Nd7 37. Ra6 e5 38. a4 g6 39. a5 bxa5 40. Nxa5 Qc7 41. Nc6 Rd6 42. Qc3 Bg7 43. Ra7 1/2-1/2

[Event "GER-ch NSV Online 1st"]
[Site "Playchess.com INT"]
[Date "2020.04.26"]
[Round "6"]
[White "Hoethe, Christian"]
[Black "Langer, Michael Sebastian"]
[Result "1-0"]
[WhiteElo "2161"]
[BlackElo "1913"]
[PlyCount "71"]
[EventDate "2020.04.26"]
[EventType "swiss (blitz)"]
[EventRounds "13"]
[EventCountry "GER"]
[SourceTitle "CBM 196 Extra"]
[Source "ChessBase"]
[SourceDate "2020.07.31"]
[SourceVersion "1"]
[SourceVersionDate "2020.07.31"]
[SourceQuality "1"]

1. b3 d5 2. Bb2 Bf5 3. e3 e6 4. Nf3 Nf6 5. c4 c6 6. Nc3 Nbd7 7. d4 h6 8. Bd3 Bxd3 9. Qxd3 Be7 10. 0-0 0-0 11. e4 dxe4 12. Nxe4 Nxe4 13. Qxe4 Bf6 14. Rad1 Qc7 15. Rd2 Rad8 16. Rfd1 Nb6 17. a4 Rfe8 18. h3 Rd7 19. Ba3 Red8 20. Bb4 Nc8 21. a5 Ne7 22. g3 Nf5 23. Kg2 b6 24. a6 Ne7 25. Bxe7 Rxe7 26. b4 Red7 27. Rd3 Qc8 28. b5 c5 29. d5 exd5 30. Rxd5 Qa8 31. Qf5 Rxd5 32. Rxd5 Rxd5 33. Qxd5 Qd8 34. Qxd8+ Bxd8 35. Ne5 Bc7 36. Nc6 1-0

[Event "GER-ch NSV Online 1st"]
[Site "Playchess.com INT"]
[Date "2020.04.26"]
[Round "1"]
[White "Kettner, Peer"]
[Black "Langer, Michael Sebastian"]
[Result "0-1"]
[WhiteElo "1447"]
[BlackElo "1913"]
[PlyCount "30"]
[EventDate "2020.04.26"]
[EventType "swiss (blitz)"]
[EventRounds "13"]
[EventCountry "GER"]
[SourceTitle "CBM 196 Extra"]
[Source "ChessBase"]
[SourceDate "2020.07.31"]
[SourceVersion "1"]
[SourceVersionDate "2020.07.31"]
[SourceQuality "1"]

1. d4 d5 2. Bf4 c5 3. e3 cxd4 4. exd4 Nc6 5. c3 g6 6. Bd3 Nh6 7. Nd2 f6 8. Ngf3 Nf7 9. Qc2 Bg7 10. 0-0-0 0-0 11. Nh4 e5 12. dxe5 fxe5 13. Bg3 e4 14. Nxe4 dxe4 15. Bxe4 Qf6 0-1

[Event "GER-ch NSV Online 1st"]
[Site "Playchess.com INT"]
[Date "2020.04.26"]
[Round "8"]
[White "Langer, Michael Sebastian"]
[Black "Pubantz, Jan"]
[Result "0-1"]
[WhiteElo "1913"]
[BlackElo "2306"]
[PlyCount "54"]
[EventDate "2020.04.26"]
[EventType "swiss (blitz)"]
[EventRounds "13"]
[EventCountry "GER"]
[SourceTitle "CBM 196 Extra"]
[Source "ChessBase"]
[SourceDate "2020.07.31"]
[SourceVersion "1"]
[SourceVersionDate "2020.07.31"]
[SourceQuality "1"]

1. Nf3 d5 2. d4 Nf6 3. Bf4 c5 4. e3 Nc6 5. c3 cxd4 6. exd4 Bf5 7. Nbd2 e6 8. Ne5 Bd6 9. Nxc6 bxc6 10. Bxd6 Qxd6 11. Nf3 0-0 12. Ne5 c5 13. Be2 cxd4 14. cxd4 Qb4+ 15. Qd2 Rab8 16. Qxb4 Rxb4 17. Nc6 Rxb2 18. Ne7+ Kh8 19. Nxf5 exf5 20. Bd3 Re8+ 21. Kf1 Rd2 22. Bxf5 Ree2 23. Bh3 Rxf2+ 24. Kg1 Rxa2 25. Rb1 Rfb2 26. Rc1 g6 27. Rf1 Ne4 0-1

[Event "Niedersachsen-ch op-A"]
[Site "Verden an der Aller"]
[Date "2020.01.02"]
[Round "2"]
[White "Langer, Michael Sebastian"]
[Black "Meyer, Heinz Dieter"]
[Result "0-1"]
[WhiteElo "1922"]
[BlackElo "2102"]
[PlyCount "104"]
[EventDate "2020.01.02"]
[EventType "swiss"]
[EventRounds "7"]
[EventCountry "GER"]
[SourceTitle "EXT 2023"]
[Source "ChessBase"]
[SourceDate "2022.10.05"]
[SourceVersion "1"]
[SourceVersionDate "2022.10.05"]
[SourceQuality "1"]

1. Nf3 Nf6 2. d4 e6 3. Bf4 c5 4. c3 b6 5. e3 Bb7 6. Nbd2 cxd4 7. exd4 d6 8. Bd3 Be7 9. h3 a6 10. Qe2 0-0 11. 0-0 Nbd7 12. Ne4 Qc7 13. Rfe1 Rfe8 14. Rad1 Nf8 15. Bh2 Ng6 16. Neg5 Bf8 17. c4 h6 18. Bxg6 hxg5 19. Bd3 Qc6 20. Qd2 g4 21. hxg4 Nxg4 22. Be4 d5 23. cxd5 exd5 24. Bf5 Nxh2 25. Nxh2 Qf6 26. Qd3 g6 27. Bg4 Bd6 28. Bf3 Kg7 29. g3 a5 30. Rxe8 Rxe8 31. Qb5 Qd8 32. Kg2 Rh8 33. Ng4 Bb8 34. Ne3 Bc8 35. Qxd5 Bh3+ 36. Kg1 Qf6 37. Bg4 Rd8 38. Qe4 Bxg4 39. Nxg4 Qg5 40. Ne3 Kf8 41. Qh4 Qxh4 42. gxh4 Rc8 43. b3 b5 44. Rd2 Ke7 45. Kg2 Rh8 46. Kh3 g5 47. Kg4 gxh4 48. Nf5+ Ke6 49. Nxh4 f5+ 50. Kg5 Rg8+ 51. Kh5 Kf6 52. Nxf5 Kxf5 0-1

[Event "Niedersachsen-ch op-A"]
[Site "Verden an der Aller"]
[Date "2020.01.02"]
[Round "1"]
[White "Moerke, Niklas"]
[Black "Langer, Michael Sebastian"]
[Result "0-1"]
[WhiteElo "1708"]
[BlackElo "1922"]
[PlyCount "58"]
[EventDate "2020.01.02"]
[EventType "swiss"]
[EventRounds "7"]
[EventCountry "GER"]
[SourceTitle "EXT 2023"]
[Source "ChessBase"]
[SourceDate "2022.10.05"]
[SourceVersion "1"]
[SourceVersionDate "2022.10.05"]
[SourceQuality "1"]

1. e4 c6 2. d4 d5 3. e5 c5 4. Bb5+ Bd7 5. Bxd7+ Qxd7 6. c3 cxd4 7. cxd4 Nc6 8. f4 Nh6 9. Nf3 e6 10. 0-0 Rc8 11. b3 Nf5 12. g4 Nfxd4 13. Ba3 Nxf3+ 14. Rxf3 Bxa3 15. Nxa3 Qe7 16. Qc1 0-0 17. Rc3 Qb4 18. Nb1 Qd4+ 19. Kg2 Ne7 20. Qe3 Qxe3 21. Rxe3 Rc1 22. Kf2 Rfc8 23. h4 Rh1 24. b4 Rcc1 25. Rb3 Ng6 26. f5 Nxe5 27. Ra3 a6 28. b5 Nxg4+ 29. Kg3 h5 0-1

[Event "Niedersachsen-ch op A"]
[Site "Verden"]
[Date "2018.01.06"]
[Round "5"]
[White "Langer, Michael Sebastian"]
[Black "Baumann, Marcel"]
[Result "1/2-1/2"]
[WhiteElo "1849"]
[BlackElo "1785"]
[PlyCount "57"]
[EventDate "2018.01.04"]
[EventType "swiss"]
[EventRounds "7"]
[EventCountry "GER"]
[SourceTitle "EXT 2022"]
[Source "ChessBase"]
[SourceDate "2021.10.06"]
[SourceVersion "1"]
[SourceVersionDate "2021.10.06"]
[SourceQuality "1"]

1. Nf3 Nf6 2. c4 g6 3. d4 Bg7 4. e3 0-0 5. Be2 b6 6. Nc3 Bb7 7. Qc2 d5 8. cxd5 Nxd5 9. Nxd5 Bxd5 10. Bd2 Bb7 11. Rc1 c6 12. 0-0 Nd7 13. b4 e5 14. dxe5 Nxe5 15. Nxe5 Bxe5 16. Rfd1 Qc7 17. f4 Bg7 18. Bf3 Rac8 19. Qb3 Rfe8 20. Kf2 Bf8 21. Bc3 Bd6 22. Bd4 Qe7 23. a3 Rc7 24. Qd3 c5 25. bxc5 Bxc5 26. Bxc5 bxc5 27. Bxb7 Rxb7 28. Rc3 Rb2+ 29. Kg3 1/2-1/2

[Event "Niedersachsen-ch op"]
[Site "Verden"]
[Date "2016.01.03"]
[Round "2"]
[White "Langer, Michael Sebastian"]
[Black "Franke, Dirk"]
[Result "1/2-1/2"]
[WhiteElo "1950"]
[BlackElo "1817"]
[PlyCount "40"]
[EventDate "2016.01.03"]
[EventType "swiss"]
[EventRounds "7"]
[EventCountry "GER"]
[SourceTitle "EXT 2018"]
[Source "ChessBase"]
[SourceDate "2017.10.13"]
[SourceVersion "1"]
[SourceVersionDate "2017.10.13"]
[SourceQuality "1"]

1. Nf3 Nf6 2. c4 e6 3. Nc3 d5 4. cxd5 exd5 5. d4 Be7 6. Bg5 h6 7. Bh4 c6 8. Qc2 0-0 9. e3 Ne4 10. Bxe7 Qxe7 11. Nxe4 dxe4 12. Nd2 Re8 13. Be2 Bf5 14. g4 Bh7 15. h4 Nd7 16. Nb3 Nb6 17. Nc5 Nd5 18. a3 b6 19. Nb3 Rac8 20. Rc1 Red8 1/2-1/2

[Event "Niedersachsen-ch op-A"]
[Site "Verden"]
[Date "2015.01.03"]
[Round "4"]
[White "Stummeyer, Dieter"]
[Black "Langer, Michael Sebastian"]
[Result "0-1"]
[WhiteElo "1901"]
[BlackElo "1964"]
[PlyCount "96"]
[EventDate "2015.01.02"]
[EventType "swiss"]
[EventRounds "7"]
[EventCountry "GER"]
[SourceTitle "EXT 2018"]
[Source "ChessBase"]
[SourceDate "2017.10.13"]
[SourceVersion "1"]
[SourceVersionDate "2017.10.13"]
[SourceQuality "1"]

1. e4 c6 2. d4 d5 3. Nc3 dxe4 4. Nxe4 Bf5 5. Ng3 Bg6 6. Nf3 Nd7 7. Bd3 e6 8. 0-0 Ngf6 9. Re1 Be7 10. Qe2 0-0 11. Bxg6 hxg6 12. Bg5 Nd5 13. Bxe7 Qxe7 14. c4 N5f6 15. Rad1 Qb4 16. a3 Qa5 17. Ne5 Rfe8 18. Nxd7 Nxd7 19. Ne4 Qc7 20. c5 Nf6 21. Nd6 Red8 22. Rd3 Ne8 23. Nc4 Rd5 24. Ne5 Nf6 25. Qf3 Rad8 26. Red1 Qe7 27. b4 Nd7 28. Nc4 Nf6 29. Nd6 Ne8 30. Nc4 Qh4 31. g3 Qf6 32. Qe3 Qf5 33. Kg2 g5 34. Qe2 Qf6 35. Ne5 Qe7 36. Qg4 g6 37. Nf3 Ng7 38. Ne5 Nf5 39. Qe4 Kg7 40. g4 Nh6 41. h3 f5 42. Qe3 Nf7 43. Nc4 Qd7 44. R3d2 fxg4 45. hxg4 e5 46. Qe2 Rxd4 47. Rxd4 exd4 48. Rd3 Qd5+ 0-1

[Event "Niedersachsen-ch op-A"]
[Site "Verden"]
[Date "2014.01.03"]
[Round "4"]
[White "Langer, Michael Sebastian"]
[Black "Koch, Yannick"]
[Result "0-1"]
[WhiteElo "1979"]
[BlackElo "1840"]
[PlyCount "82"]
[EventDate "2014.01.02"]
[EventType "swiss"]
[EventRounds "7"]
[EventCountry "GER"]
[SourceTitle "EXT 2016"]
[Source "ChessBase"]
[SourceDate "2015.10.08"]
[SourceVersion "1"]
[SourceVersionDate "2015.10.08"]
[SourceQuality "1"]

1. Nf3 Nf6 2. c4 c5 3. d4 cxd4 4. Nxd4 e6 5. Nc3 Bb4 6. f3 0-0 7. e4 d5 8. e5 Nfd7 9. f4 Nc6 10. Be3 Nb6 11. Nxc6 bxc6 12. Qb3 Qe7 13. Bxb6 axb6 14. Rd1 Qc5 15. a3 Ba5 16. Ke2 Ba6 17. Kf3 Bxc4 18. Bxc4 dxc4 19. Qc2 Bxc3 20. Qxc3 Rfd8 21. Rd2 Rd5 22. Rhd1 Rad8 23. Ke2 Kf8 24. Qh3 Qb5 25. Qc3 Ke7 26. Ke3 Qc5+ 27. Ke2 b5 28. Qa5 R8d7 29. Qc3 Qb6 30. Qh3 Rxd2+ 31. Rxd2 Rxd2+ 32. Kxd2 Qd4+ 33. Kc2 Qe4+ 34. Kc3 Qxf4 35. Qxh7 Qxe5+ 36. Kb4 Qxb2+ 37. Kc5 Qxa3+ 38. Kxc6 Qa6+ 39. Kc7 Qd6+ 40. Kb7 Qd5+ 41. Kb6 g5 0-1

[Event "Niedersachsen-ch op-A"]
[Site "Verden"]
[Date "2013.01.06"]
[Round "7"]
[White "Koch, Yannick"]
[Black "Langer, Michael Sebastian"]
[Result "1-0"]
[WhiteElo "1703"]
[BlackElo "1993"]
[PlyCount "59"]
[EventDate "2013.01.03"]
[EventType "swiss"]
[EventRounds "7"]
[EventCountry "GER"]
[SourceTitle "EXT 2014"]
[Source "ChessBase"]
[SourceDate "2013.11.20"]
[SourceVersion "1"]
[SourceVersionDate "2013.11.20"]
[SourceQuality "1"]

1. d4 e6 2. c4 b6 3. Nf3 Bb7 4. a3 f5 5. Nc3 Nf6 6. g3 Be7 7. Bg2 Ne4 8. 0-0 Nxc3 9. bxc3 0-0 10. Ne5 Bxg2 11. Kxg2 d6 12. Nd3 Bf6 13. Re1 c5 14. Nf4 Qe8 15. e4 g5 16. Nh5 Qg6 17. exf5 exf5 18. Re6 g4 19. Nf4 Qf7 20. Rxd6 Re8 21. Nd5 Be7 22. Nxe7+ Qxe7 23. Bf4 Qe4+ 24. Kg1 Na6 25. Be5 Rac8 26. Qd2 f4 27. Re1 Qf5 28. Rf6 Qh5 29. Qxf4 Rf8 30. Re4 1-0

[Event "Niedersachsen-ch op-A"]
[Site "Verden"]
[Date "2013.01.04"]
[Round "4"]
[White "Langer, Michael Sebastian"]
[Black "Schmidt, Dennis"]
[Result "1/2-1/2"]
[WhiteElo "1993"]
[BlackElo "2063"]
[PlyCount "167"]
[EventDate "2013.01.03"]
[EventType "swiss"]
[EventRounds "7"]
[EventCountry "GER"]
[SourceTitle "EXT 2014"]
[Source "ChessBase"]
[SourceDate "2013.11.20"]
[SourceVersion "1"]
[SourceVersionDate "2013.11.20"]
[SourceQuality "1"]

1. Nf3 c5 2. c4 Nf6 3. d4 cxd4 4. Nxd4 Nc6 5. Nc3 g6 6. e4 Bg7 7. Be3 d6 8. Be2 Bd7 9. 0-0 0-0 10. f3 Nxd4 11. Bxd4 Bc6 12. Qd2 Qd7 13. Rac1 Rfd8 14. Rfd1 e6 15. Bf1 Qe7 16. Qf2 b6 17. Re1 Rac8 18. g3 Qb7 19. Bh3 Rc7 20. Rcd1 Bd7 21. Bf1 Bc6 22. Bh3 Rcd7 23. Rc1 Ne8 24. Bxg7 Nxg7 25. f4 f5 26. exf5 gxf5 27. Bg2 Bxg2 28. Qxg2 Qxg2+ 29. Kxg2 Kf7 30. Rcd1 Ne8 31. Re2 Nc7 32. Red2 Na6 33. Nb5 Ke7 34. Nd4 Kf6 35. Nc6 Rc8 36. Rxd6 Rdc7 37. Ne5 Nc5 38. b4 Ne4 39. Rd7 Nc3 40. Rxc7 Rxc7 41. Rd2 b5 42. cxb5 Nxb5 43. Rd7 Rxd7 44. Nxd7+ Ke7 45. Nc5 Kd6 46. Kf2 Kd5 47. Ke3 Nc3 48. a3 Nb5 49. a4 Nd4 50. Kd3 Nc6 51. Na6 e5 52. fxe5 Nxe5+ 53. Ke3 Ke6 54. h3 h5 55. Kf4 h4 56. gxh4 Kf6 57. h5 Nd3+ 58. Ke3 Nb2 59. Nc5 Nc4+ 60. Kf4 Nb6 61. b5 Nd5+ 62. Kf3 Kg5 63. Ne6+ Kf6 64. Nf4 Nc3 65. h6 Nxa4 66. Nd5+ Kg6 67. Kf4 Kxh6 68. Kxf5 Kh5 69. Ke6 Kh4 70. Kd6 Kxh3 71. Kc7 Kg4 72. Kb7 Kf5 73. Kxa7 Ke5 74. Nb4 Kd6 75. Ka6 Nc5+ 76. Ka5 Nd7 77. Nc6 Kc7 78. Ka6 Nc5+ 79. Ka7 Na4 80. Nb4 Kd6 81. Ka6 Nc5+ 82. Ka5 Nb3+ 83. Kb6 Nd4 84. Ka5 1/2-1/2